A szegedi orvostanhallgatók évkönyve 1961-1966

Elmentve itt :
Bibliográfiai részletek
Dokumentumtípus: Könyv
Megjelent: 1966
Sorozat:A szegedi orvostanhallgatók évkönyve
Online Access:http://univ.bibl.u-szeged.hu/18776
LEADER 00495nam a2200145 i 4500
001 univ18776
005 20171212105356.0
008 170615s1966 hu o 0|| zxx d
040 |a SZTE UnivHistória Repozitórium  |b hun 
041 |a zxx 
245 0 2 |a A szegedi orvostanhallgatók évkönyve 1961-1966  |h [elektronikus dokumentum] 
260 |c 1966 
490 0 |a A szegedi orvostanhallgatók évkönyve 
561 |a Évkönyv 
856 4 0 |u http://univ.bibl.u-szeged.hu/18776/1/szote_1961_1966.pdf  |z Dokumentum-elérés